[Event "Floripa Chess Open 2024"]
[Site "Florianopolis"]
[Date "2024.01.27"]
[Round "9.33"]
[White "Caetano, Ryan Wesley Da Cost"]
[Black "Dias, Anderson Tatsch"]
[Result "1-0"]
[WhiteElo "2184"]
[BlackElo "2058"]
[PlyCount "83"]
[EventDate "2024.01.20"]
[EventRounds "10"]
[EventCountry "BRA"]

1. d4 Nf6 2. c4 g6 3. Nc3 d5 4. cxd5 Nxd5 5. Bd2 Bg7 6. e4 Nb6 7. Be3 O-O 8. h3
Be6 ({RR} 8... f5 9. exf5 Bxf5 10. Nf3 Nc6 11. Bb5 Nb4 12. Qb3+ N4d5 13. Nxd5
Qxd5 14. Qxd5+ Nxd5 15. Bc4 Rad8 16. Bg5 h6 17. Bh4 c6 18. O-O g5 19. Bg3 Bxh3
20. Rfe1 Rd7 21. Ne5 Bxe5 22. Bxe5 Be6 23. f3 {Ponomariov,R (2705)-Mamedyarov,
S (2752) Moscow 2007 1/2-1/2 (65)}) 9. Nf3 Bc4 10. Be2 ({RR} 10. Rc1 c6 11. g3
N8d7 12. b3 Bxf1 13. Kxf1 e6 14. Kg2 Qe7 15. Qe2 e5 16. Rhd1 exd4 17. Bxd4 Rfe8
18. Bxg7 Kxg7 19. a4 a5 20. Qe3 Rad8 21. h4 h5 22. Ng5 Nc8 23. Ne2 Ne5 24. Nf4
Kg8 {Shakirov,M (2128)-Timofeev,A (2567) Sochi RUS 2022 0-1 (42)}) 10... Nc6
11. d5 $146 ({RR} 11. O-O Qd6 12. Rc1 Bxe2 13. Nxe2 a5 14. d5 Ne5 15. Nxe5 Qxe5
16. Qc2 Rfc8 17. Bd4 Qd6 18. Rfd1 Bh6 19. Bc5 Qe5 20. Bd4 Qd6 21. Rb1 c5 22.
Bc3 Nc4 23. a4 Nb6 24. Ra1 Nd7 25. Qd3 Rf8 {Halkias,S (2538)-Gutman,L (2443)
Lingen 2015 1-0 (60)}) 11... Bxe2 12. Qxe2 Ne5 13. Nd2 e6 14. f4 Qh4+ 15. Kd1
Ned7 16. dxe6 fxe6 17. g4 a6 18. Kc2 Qe7 19. h4 Nc5 20. h5 Nca4 21. Nxa4 Nxa4
22. e5 Qb4 23. Rab1 g5 24. a3 Qe7 25. Rbf1 gxf4 26. Bxf4 Qc5+ 27. Kb1 Qb6 28.
Ne4 Qxb2+ 29. Qxb2 Nxb2 30. Nf6+ Bxf6 31. exf6 Rxf6 32. g5 Rf5 33. Bxc7 Nc4 34.
Rxf5 exf5 35. Ka2 Rc8 36. Bf4 Kf7 37. a4 b5 38. Rb1 Rc5 39. Rd1 Ke6 40. Rd8
bxa4 41. g6 hxg6 42. h6 1-0

[Event "Floripa Chess Open 2024"]
[Site "Florianopolis"]
[Date "2024.01.27"]
[Round "9.34"]
[White "De Borba, Gabriel"]
[Black "Cordeiro, Marco Aurelio Zaror"]
[Result "1/2-1/2"]
[WhiteElo "2171"]
[BlackElo "2057"]
[PlyCount "90"]
[EventDate "2024.01.20"]
[EventRounds "10"]
[EventCountry "BRA"]

1. e4 c5 2. Nc3 e6 3. Nf3 d5 4. exd5 exd5 5. d4 Nf6 6. Bg5 Be6 7. Be2 ({RR} 7.
Bb5+ Nc6 8. O-O a6 9. Be2 Be7 10. Re1 O-O 11. Qd2 c4 12. Ne5 h6 13. Bf4 Rc8 14.
Bf3 b5 15. h3 Qb6 16. Ne2 b4 17. c3 a5 18. Bxh6 gxh6 19. Qxh6 Nxe5 20. dxe5 Nh7
21. h4 Kh8 {Tinmaz,K (2325)-Toncheva,N (2228) chess.com INT 2022 1-0 (45)}) ({
RR} 7. Bb5+ Nc6 8. Bxc6+ bxc6 9. O-O Bd6 10. Ne5 cxd4 11. Qxd4 Qc7 12. Bxf6
gxf6 13. Nf3 O-O-O 14. Qxf6 Rdg8 15. g3 h5 16. Rfe1 Be7 17. Qe5 Bd6 18. Qd4 Rh7
19. Ne2 Bh3 20. c4 dxc4 21. Rac1 f5 {Fang,H-Frydman-Orsteen,O London ENG 2023
1-0 (42)}) 7... Nc6 8. O-O c4 9. b3 $146 ({RR} 9. Bxc4 dxc4 10. d5 Bxd5 11.
Bxf6 Bxf3 12. Re1+ Be7 13. Qxf3 gxf6 14. Rad1 Qa5 15. Nd5 Rd8 16. Qf5 Rxd5 17.
Qxd5 Qxd5 18. Rxd5 O-O 19. Rd7 Bc5 20. Rxb7 Rd8 21. Kf1 Bb6 22. Re4 Kf8 23. c3
Rd2 {Spilak,T (1865)-Vospernik,A (2150) Bled 1995 1-0 (48)}) 9... Bb4 10. Nb1
Be7 11. Nbd2 b5 12. a4 a6 13. c3 O-O 14. Ne5 Nxe5 15. dxe5 Ne4 16. Bxe7 Qxe7
17. Nxe4 dxe4 18. bxc4 bxc4 19. Qd4 Qb7 20. Rfd1 Qc6 21. a5 Rab8 22. f3 Rb2 23.
Re1 exf3 24. Bxf3 Qb5 25. Be4 g6 26. h4 h5 27. Qd6 Qb3 28. Re3 Re8 29. Rg3 Qb8
30. Bxg6 fxg6 31. Rxg6+ Kh7 32. Rxe6 Qxd6 33. Rxd6 Rxe5 34. Rf1 Ree2 35. Rf7+
Kg8 36. Rc7 Rxg2+ 37. Kf1 Rgf2+ 38. Ke1 Rbe2+ 39. Kd1 Re4 40. Rd8+ Rf8 41.
Rxf8+ Kxf8 42. Rc6 Rxh4 43. Rxa6 Rh1+ 44. Ke2 Ra1 45. Ke3 Kg7 1/2-1/2

[Event "Floripa Chess Open 2024"]
[Site "Florianopolis"]
[Date "2024.01.27"]
[Round "9.35"]
[White "Bueno, Alfeu Junior Varela"]
[Black "Urquiza, Marcello De Albuque"]
[Result "1-0"]
[WhiteElo "2156"]
[BlackElo "2050"]
[PlyCount "101"]
[EventDate "2024.01.20"]
[EventRounds "10"]
[EventCountry "BRA"]

1. e4 c5 2. Nc3 e6 3. f4 d5 4. Nf3 Nf6 5. Bb5+ Nc6 6. Bxc6+ bxc6 7. d3 Be7 8.
O-O O-O 9. e5 Nd7 10. b3 Ba6 11. Rf2 $146 ({RR} 11. Na4 Nb6 12. Nxb6 axb6 13.
c4 b5 14. Qc2 Rb8 15. Be3 bxc4 {1/2-1/2 (15) Vivas Zamora,F (2346)-Cori,J  
(2627) Lima PER 2023}) ({RR} 11. Re1 Re8 12. Bd2 c4 13. d4 c5 14. Be3 cxd4 15.
Bxd4 Nc5 16. Re3 Rb8 17. Nd2 Qa5 18. a3 cxb3 19. cxb3 Qc7 20. b4 Ne4 21. Rc1
Qb7 22. Ncxe4 dxe4 23. Rec3 Rbd8 24. Be3 Rd7 25. Qc2 Bd3 {Nakamura,H (2736)
-Bortnyk,O (2604) chess.com INT 2021 1/2-1/2}) ({RR} 11. Nd2 f6 12. Bb2 fxe5
13. Qg4 Rf5 14. Rae1 Nf6 15. Qh3 d4 16. Na4 exf4 17. Rxe6 g6 18. Rfe1 Nd5 19.
Qh6 Qe8 20. R6e5 Qf7 21. Nf3 Ne3 22. c3 Rxe5 23. Nxe5 Qd5 24. Nf3 Rf8 25. cxd4
Rf5 {Kalashian,L-Abakarov,D Tbilisi (Georgia) 1957 0-1 (37)}) 11... Rb8 12. Kh1
c4 13. bxc4 Qa5 14. Bd2 Bb4 15. Qe1 dxc4 16. d4 Rfe8 17. a3 Bf8 18. Ng5 h6 19.
Nge4 Qd8 20. Na4 c5 21. Naxc5 Nxc5 22. dxc5 Qd5 23. Bb4 Bb7 24. Nd6 Red8 25.
Rd1 Qc6 26. Qe3 Qa4 27. Qc3 Bd5 28. f5 Ra8 29. Ba5 Rd7 30. h3 Qc6 31. Qd4 Qa4
32. fxe6 Bxe6 33. Qc3 Qc6 34. Qf3 Rc8 35. Bb4 a5 36. Qxc6 Rxc6 37. Ra1 axb4 38.
axb4 Bxd6 39. exd6 Rb7 40. c3 Rc8 41. Kg1 Kf8 42. Rfa2 Bd5 43. Kf2 Ke8 44. Ke3
Kd7 45. Kd4 Be6 46. Ra6 Rbb8 47. Ra7+ Kd8 48. R1a5 Bd7 49. Kxc4 Bc6 50. Rxf7
Bxg2 51. Raa7 1-0

[Event "Floripa Chess Open 2024"]
[Site "Florianopolis"]
[Date "2024.01.27"]
[Round "9.36"]
[White "Tomiello, Mateus Costamilan"]
[Black "Pedroso, Denian"]
[Result "1-0"]
[WhiteElo "2151"]
[BlackElo "1924"]
[PlyCount "111"]
[EventDate "2024.01.20"]
[EventRounds "10"]
[EventCountry "BRA"]

1. c4 e5 2. Nc3 Nf6 3. Nf3 Nc6 4. e4 Bb4 5. d3 O-O 6. a3 Bxc3+ 7. bxc3 h6 8. g3
d6 9. Bg2 Nh7 ({RR} 9... Nd7 10. O-O Nc5 11. Ne1 f5 12. exf5 Bxf5 13. d4 Ne4
14. Bb2 Na5 15. Qe2 Ng5 16. dxe5 dxe5 17. Qxe5 c6 18. Qe2 Re8 19. Qh5 Qf6 20.
Nf3 Nxf3+ 21. Bxf3 Nxc4 22. Bc1 Bg6 23. Qh4 Qxf3 24. Qxc4+ {Smietanska,W (2071)
-Wanyama,H (2273) chess.com INT 2023 0-1}) 10. Nh4 Ne7 ({RR} 10... Qf6 11. Rb1
Rb8 12. O-O g5 13. Nf5 Bxf5 14. exf5 Qxf5 15. Be4 Qe6 16. f4 gxf4 17. gxf4 Kh8
18. Qh5 exf4 19. Bxf4 Ne5 20. Bxe5+ Qxe5 21. Qxh6 f5 22. Bd5 Qxc3 23. Kh1 c6
24. Bg2 Qg7 25. Qxd6 {Pantsulaia,L (2597)-Andriasian,Z (2604) chess.com INT
2019 1-0 (62)}) 11. O-O g5 $146 ({RR} 11... c6 12. Rb1 d5 13. cxd5 cxd5 14. a4
dxe4 15. Bxe4 Qc7 16. Ba3 Nf6 17. Bg2 Rd8 18. Re1 Nc6 19. Rb5 a6 20. Rc5 Bg4
21. Qb1 Nd7 22. Rc4 Be6 23. Rce4 Rac8 24. h3 Nf6 25. R4e2 Nd5 26. Bb2 {
Andreikin,D (2729)-Vachylia,A (2274) chess.com INT 2022 1-0 (40)}) 12. Nf5 Nxf5
13. exf5 Bxf5 14. Bxb7 Bh3 15. Re1 Rb8 16. Bh1 f5 17. Be3 f4 18. Bxa7 Ra8 19.
Qf3 Rxa7 20. g4 Bxg4 21. Qxg4 Nf6 22. Qe6+ Kg7 23. Bc6 Ra6 24. Bb5 Ra8 25. a4
c5 26. Reb1 Qc8 27. Qxc8 Rfxc8 28. a5 Ra7 29. a6 Kg6 30. Ba4 e4 31. dxe4 Rxa6
32. e5 Rxa4 33. Rxa4 dxe5 34. Ra6 Kf5 35. Rbb6 Ne4 36. f3 g4 37. fxe4+ Kxe4 38.
Kf2 Rd8 39. Rd6 Rb8 40. Ra2 h5 41. Re2+ Kf5 42. Rh6 f3 43. Rxh5+ Kf4 44. Rexe5
Rb2+ 45. Kf1 Rb1+ 46. Re1 Rb2 47. Rh8 Rc2 48. Rf8+ Kg5 49. Re5+ Kg6 50. Rf4
Rc1+ 51. Re1 Rxc3 52. Rxg4+ Kf5 53. Rge4 Rc2 54. Re5+ Kf6 55. Rxc5 Rxh2 56. Re3
1-0

[Event "Floripa Chess Open 2024"]
[Site "Florianopolis"]
[Date "2024.01.27"]
[Round "9.37"]
[White "Starke, Bruno Orlando"]
[Black "Eger, Laura Luisa"]
[Result "1-0"]
[WhiteElo "2145"]
[BlackElo "1848"]
[PlyCount "73"]
[EventDate "2024.01.20"]
[EventRounds "10"]
[EventCountry "BRA"]

1. Nf3 d5 2. c4 c6 3. g3 Nf6 4. Bg2 Bf5 5. Qb3 Qc8 6. cxd5 cxd5 7. Nc3 e6 8. d3
Nc6 9. Bf4 Be7 10. O-O ({RR} 10. Rc1 O-O 11. O-O Qd7 12. e4 dxe4 13. dxe4 Nxe4
14. Nxe4 Bxe4 15. Ne5 Nxe5 16. Bxe4 Nc6 17. Rfd1 Qc8 18. Qa4 Rd8 19. Rxd8+ Qxd8
20. Bxc6 bxc6 21. Rxc6 h6 22. Rc7 a6 23. Qc6 Bf6 24. Rd7 Qc8 {Filipovich,D  
(1954)-Kolesar,M (2136) Assisi ITA 2022 1/2-1/2}) 10... h6 ({RR} 10... O-O 11.
Rac1 Qd7 12. h3 h6 13. Rfd1 Bh7 14. e4 Na5 15. Qc2 Rfc8 16. Ne5 Qd8 17. Qe2 Nc6
18. exd5 exd5 19. d4 Bf5 20. Be3 Bb4 21. Qb5 Bxc3 22. bxc3 Na5 23. c4 a6 24.
Qb4 Nxc4 25. Nxc4 {Aronian,L (2551)-Svetushkin,D (2472) Yerevan 2000 1-0 (53)})
11. Rac1 O-O 12. Nb5 Bh7 $146 ({RR} 12... Qd7 13. Ne5 Nxe5 14. Bxe5 Ng4 15. Bd4
a6 16. Nc7 Rac8 17. Qxb7 Bd6 18. Bb6 Ne5 19. b3 Ra8 20. f4 Rfb8 21. Qxa8 Rxa8
22. Nxa8 Nc6 23. e4 Bg4 24. exd5 exd5 25. Bxd5 Nb4 26. Bg2 Nxd3 27. Rc3 {
Marton,J (2130)-Horvath,I (2289) Hungary 2011 0-1}) ({RR} 12... Bg4 13. Qa4 Qd7
14. Nbd4 Bxf3 15. Bxf3 Nxd4 16. Qxd4 Rfc8 17. Rxc8+ Rxc8 18. Qxa7 Qb5 19. b3
Rc2 20. Rc1 Rxc1+ 21. Bxc1 Kh7 22. Be3 Qb4 23. Qb6 Qe1+ 24. Kg2 Kg6 25. Qxb7
Ba3 26. Bd4 h5 27. h3 {Legahn,D (2275)-Blecken,V Germany 1990 1-0 (34)}) 13.
Nd6 Bxd6 14. Bxd6 Rd8 15. Be7 Rd7 16. Bxf6 gxf6 17. Qc3 Qd8 18. b4 a6 19. Nd4
Rc8 20. Nxc6 Rxc6 21. Qd2 Kg7 22. Rxc6 bxc6 23. Rc1 Qb6 24. Rc5 Bf5 25. Qc3 Rd6
26. d4 Rd7 27. Rxc6 Qb5 28. Bf1 Qa4 29. a3 a5 30. bxa5 Qd1 31. g4 Bxg4 32. Qg3
Rd8 33. h3 Rg8 34. hxg4 Qxd4 35. Qe3 Qa4 36. Rc7 h5 37. Qxe6 1-0

[Event "Floripa Chess Open 2024"]
[Site "Florianopolis"]
[Date "2024.01.27"]
[Round "9.38"]
[White "Piccoli, Lucas Fonseca"]
[Black "Silva, Jeferson"]
[Result "1-0"]
[WhiteElo "2263"]
[BlackElo "1957"]
[PlyCount "102"]
[EventDate "2024.01.20"]
[EventRounds "10"]
[EventCountry "BRA"]

1. e4 c5 2. Nf3 d6 3. d4 cxd4 4. Nxd4 Nf6 5. Nc3 Nc6 6. Bg5 e6 7. Qd3 Be7 8.
O-O-O a6 9. Nxc6 bxc6 10. Qg3 Qc7 ({RR} 10... e5 11. Be2 Rb8 12. Rd3 Qb6 13. b3
O-O 14. Bxf6 Bxf6 15. Rxd6 Kh8 16. Bc4 Qc5 17. Rhd1 a5 18. a4 Rb4 19. Ne2 Rxc4
20. bxc4 Qxc4 21. Qd3 Qxa4 22. Rxf6 gxf6 23. Qd6 Qb4 24. Qxf6+ Kg8 25. Qg5+ {
Federzoni,E (2170)-Silva,J (1957) Florianopolis BRA 2024 1-0 (40)}) 11. Be2 ({
RR} 11. Bc4 e5 12. Bb3 O-O 13. h4 Kh8 14. h5 h6 15. Be3 a5 16. a4 Rb8 17. f4
Rb4 18. fxe5 dxe5 19. Rh4 Bd7 20. Rf1 Rfb8 21. Rhh1 Rxb3 22. cxb3 Rxb3 23. Rf2
Be6 24. Rd1 Qb8 25. Rc2 Rb4 {Alekseenko,K (2696)-Vidit,S (2726) chess.com INT
2020 0-1}) 11... Rb8 $146 ({RR} 11... e5 12. f4 h6 13. fxe5 Nh5 14. Bxh5 Bxg5+
15. Kb1 dxe5 16. h4 Bf6 17. Rhf1 Qe7 18. Qe3 O-O 19. g3 Be6 20. Na4 Rfd8 21.
Nc5 Bc4 22. Rfe1 Rd4 23. Nb3 Bxb3 24. axb3 a5 25. c3 Rxd1+ 26. Bxd1 {Mehmed,E 
(2199)-Vatsal,S (2371) Belgrade SRB 2021 1/2-1/2 (46)}) ({RR} 11... e5 12. f4
h6 13. fxe5 Nh5 14. Bxh5 Bxg5+ 15. Kb1 dxe5 16. h4 Bf6 17. Rhf1 Qe7 18. Qe3 O-O
19. g3 Be6 20. Na4 Rfd8 21. Nc5 Bc4 22. Rfe1 Rd4 23. Nb3 Bxb3 24. axb3 a5 25.
c3 Rxd1+ 26. Bxd1 {Mehmed,E (2199)-Vatsal,S (2371) Belgrade SRB 2021 1/2-1/2  
(46)}) 12. h4 Qb6 13. b3 O-O 14. f4 e5 15. h5 exf4 16. Bxf4 Be6 17. e5 dxe5 18.
Bh6 Ng4 19. Bxg4 gxh6 20. Ne4 Bxg4 21. Qxg4+ Kh8 22. Qf5 Qe3+ 23. Kb1 Qf4 24.
Qd7 Ba3 25. Qxc6 Rbc8 26. Qf6+ Qxf6 27. Nxf6 Kg7 28. Rhf1 Rc6 29. Ne4 Re8 30.
Rd7 Re7 31. Rxe7 Bxe7 32. c4 Rc8 33. Kc2 Rd8 34. g4 Rd4 35. Re1 Kf8 36. Kc3 a5
37. c5 Ke8 38. Re3 f6 39. a3 Rd1 40. Kc4 a4 41. b4 Rb1 42. Kb5 Rb3 43. Rc3 Rb1
44. Kxa4 Kd7 45. Kb5 Kc7 46. Rc4 Rg1 47. Nc3 Bd8 48. Nd5+ Kc8 49. a4 Rd1 50.
Kc6 Rd4 51. Rxd4 exd4 1-0

[Event "Floripa Chess Open 2024"]
[Site "Florianopolis"]
[Date "2024.01.27"]
[Round "9.39"]
[White "Contin, Daniel"]
[Black "Oliveira, Tiago Batista"]
[Result "1/2-1/2"]
[WhiteElo "2203"]
[BlackElo "1953"]
[PlyCount "108"]
[EventDate "2024.01.20"]
[EventRounds "10"]
[EventCountry "BRA"]

1. e4 e5 2. Nf3 Nc6 3. Bc4 Bc5 4. c3 Nf6 5. d4 exd4 6. cxd4 Bb4+ 7. Nc3 Nxe4 8.
O-O Bxc3 9. d5 Bf6 10. Re1 Ne7 11. Rxe4 d6 12. Bg5 Bxg5 13. Nxg5 h6 14. Qe2
hxg5 15. Re1 Be6 16. dxe6 f6 17. Re3 c6 18. Rb3 Qc7 19. g3 d5 20. Bd3 Rh6 21.
Qg4 $146 ({RR} 21. Kg2 b6 22. a4 Rb8 23. Rc3 Qd6 24. Qf3 Qb4 25. Rb1 Kf8 26. h3
Kg8 27. Bc2 Qd6 28. Qe3 Qe5 29. f4 Qxe3 30. Rxe3 gxf4 31. gxf4 f5 32. Rbe1 g6
33. b4 Kg7 34. Re5 Rbh8 35. R1e3 Rh4 {Waffenschmidt,L (1810)-Tham,M (1820)
Willingen 2017 0-1 (77)}) 21... Kf8 22. Qb4 b6 23. Rc3 Kg8 24. Qd4 Rf8 25. b4
f5 26. Qe3 f4 27. Qe5 Qxe5 28. Rxe5 fxg3 29. hxg3 Rff6 30. Ra3 Rxe6 31. Rxg5
Kf7 32. Rxa7 Kf6 33. Rg4 g5 34. Ra8 Ng6 35. f4 gxf4 36. gxf4 Re3 37. Bxg6 Rxg6
38. Rf8+ Kg7 39. Rg8+ Kxg8 40. Rxg6+ Kf7 41. Rxc6 Ra3 42. Kf2 b5 43. Rb6 d4 44.
Rxb5 Rxa2+ 45. Kf3 d3 46. Ke3 d2 47. Ke2 Rb2 48. f5 Kf6 49. Kd1 Kg5 50. Ke2 Kf6
51. Rb8 Kxf5 52. b5 Kg6 53. b6 Kg7 54. Kd1 Kh7 1/2-1/2

[Event "Floripa Chess Open 2024"]
[Site "Florianopolis"]
[Date "2024.01.27"]
[Round "9.40"]
[White "Bassani, Jaison Jose"]
[Black "Aranha Filho, Alvaro Z."]
[Result "0-1"]
[WhiteElo "1949"]
[BlackElo "2201"]
[PlyCount "68"]
[EventDate "2024.01.20"]
[EventRounds "10"]
[EventCountry "BRA"]

1. e4 c5 2. Nc3 Nc6 3. g3 g6 4. Bg2 Rb8 5. d3 ({RR} 5. f4 b5 6. e5 Bg7 7. Ne4
Qb6 8. d3 f5 9. Ng5 Nh6 10. N1f3 O-O 11. O-O d6 12. exd6 exd6 13. h3 Re8 14.
Kh2 b4 15. Nd2 Bb7 16. Nc4 Qd8 17. c3 bxc3 18. bxc3 Na5 19. Bxb7 Rxb7 {
Stripunsky,A (2576)-Charbonneau,P (2500) ICC INT 2005 1/2-1/2 (51)}) 5... b5 6.
a3 a5 7. a4 bxa4 $146 ({RR} 7... b4 8. Nb5 d6 9. c3 Bg7 10. Ne2 Bb7 11. d4 bxc3
12. bxc3 cxd4 13. cxd4 Nf6 14. O-O O-O 15. Nec3 Nb4 16. Re1 Nd7 17. Rb1 Re8 18.
Ba3 Na6 19. Qb3 Bc6 20. Qc4 Bb7 21. Qa2 Ba8 22. Rec1 {Bassani,J (1961)-Hubner,
J (1752) Florianopolis SC 2022 1-0 (55)}) ({RR} 7... b4 8. Nb5 Ba6 9. c4 bxc3
10. bxc3 Bg7 11. Ne2 Nf6 12. d4 O-O 13. Rb1 Ne8 14. Be3 Nc7 15. c4 cxd4 16.
Nexd4 Nxd4 17. Bxd4 Bxd4 18. Qxd4 Ne6 19. Qe3 Qc8 20. Rc1 Qc5 21. Qd2 Qb4 22.
Qxb4 {Bassani,J (1961)-Mekhitarian,K (2562) Lira Tênis Clube - Florianó 2022
0-1 (45)}) 8. Rxa4 Bg7 9. Nge2 d6 10. O-O e6 11. Be3 Bd7 12. Ra2 Nge7 13. d4
cxd4 14. Nxd4 O-O 15. Nb3 Qc7 16. Qd2 Ne5 17. Nxa5 N7c6 18. Nxc6 Qxc6 19. Qd1
Nc4 20. Bd4 Bxd4 21. Qxd4 e5 22. Qa7 Ra8 23. Nd5 Kg7 24. Ne7 Rxa7 25. Rxa7 Qb5
26. b3 Nb6 27. Rfa1 Qc5 28. b4 Qxc2 29. Rb7 Re8 30. Rxb6 Rxe7 31. Rxd6 Qb2 32.
Rad1 Bg4 33. f3 Be6 34. Rb6 Rc7 0-1

[Event "Floripa Chess Open 2024"]
[Site "Florianopolis"]
[Date "2024.01.27"]
[Round "9.41"]
[White "Terao, Juliana Sayumi"]
[Black "Kim, Thiago"]
[Result "1-0"]
[WhiteElo "2198"]
[BlackElo "1944"]
[PlyCount "81"]
[EventDate "2024.01.20"]
[EventRounds "10"]
[EventCountry "BRA"]

1. e4 c5 2. Nf3 e6 3. d4 cxd4 4. Nxd4 Nf6 5. Nc3 Nc6 6. Nxc6 bxc6 7. e5 Nd5 8.
Ne4 Qc7 9. f4 Qb6 10. c4 Bb4+ 11. Ke2 f5 12. exf6 Nxf6 13. Be3 Qd8 14. Nd6+
Bxd6 15. Qxd6 Bb7 16. Rd1 Rc8 17. g4 c5 18. Rg1 Rc6 19. Qe5 O-O 20. g5 Nh5 21.
Bh3 d6 22. Qxe6+ Kh8 23. Qd7 ({RR} 23. Rgf1 Rb6 24. b3 Ra6 25. Rd2 d5 26. Qe5
Re8 27. cxd5 Rxe5 28. fxe5 Rb6 29. Rf7 Ba6+ 30. Ke1 Rb4 31. Rdf2 Nf6 32. gxf6
gxf6 33. R2xf6 Rb8 34. Bh6 Qxd5 {1-0 (34) Kim,T (1918)-Lage,P (2078) Rio de
Janeiro BRA 2022}) 23... Qxd7 $146 ({RR} 23... Qb8 24. Qg4 g6 25. Bd2 d5 26.
cxd5 Nxf4+ 27. Bxf4 Rxf4 28. Qxf4 Qxf4 29. dxc6 Ba6+ {0-1 (29) Arizmendi
Martinez,J (2517)-Ibarra Jerez,J (2540) Marbella ESP 2019}) ({RR} 23... Qb8 24.
Qg4 g6 25. Bd2 d5 26. cxd5 Nxf4+ 27. Bxf4 Rxf4 28. Qxf4 Qxf4 29. dxc6 Ba6+ {
0-1 (29) Arizmendi Martinez,J (2517)-Ibarra Jerez,J (2540) Marbella ESP 2019})
24. Bxd7 Rb6 25. b3 Ra6 26. Rd2 Nxf4+ 27. Bxf4 Rxf4 28. Rg3 g6 29. Re3 Re4 30.
Rxe4 Bxe4 31. Ke3 Bb1 32. a4 Rb6 33. Rb2 Rb7 34. Rxb1 Rxd7 35. Ke4 Re7+ 36. Kd5
Re5+ 37. Kxd6 Rxg5 38. b4 cxb4 39. c5 Rg2 40. Rxb4 Rxh2 41. c6 1-0

[Event "Floripa Chess Open 2024"]
[Site "Florianopolis"]
[Date "2024.01.27"]
[Round "9.42"]
[White "Benitez, Andres"]
[Black "Takano, Nicholas Ryo"]
[Result "1-0"]
[WhiteElo "1956"]
[BlackElo "2172"]
[PlyCount "87"]
[EventDate "2024.01.20"]
[EventRounds "10"]
[EventCountry "BRA"]

1. e4 c5 2. Nf3 g6 3. d4 cxd4 4. Nxd4 Nc6 5. c4 Nf6 6. Nc3 d6 7. Be2 Nxd4 8.
Qxd4 Bg7 9. Be3 O-O 10. Qd3 a5 11. O-O a4 12. Bd4 Re8 $146 ({RR} 12... Qa5 13.
f4 Bg4 14. Rad1 Bxe2 15. Qxe2 a3 16. e5 dxe5 17. fxe5 Nd7 18. b4 Qxb4 19. Nd5
Qa5 20. Bc3 Qc5+ 21. Kh1 Nb6 22. Qf3 Nxd5 23. cxd5 Rac8 24. Ba1 b5 25. h3 b4
26. Kh2 e6 27. Rf2 {Perez Ponsa,F (2561)-Fiorito,F (2374) Villa Martelli ARG
2021 1/2-1/2 (44)}) ({RR} 12... Qa5 13. Rad1 Re8 14. f4 e5 15. fxe5 dxe5 16.
Be3 Be6 17. Nd5 Nd7 18. Kh1 Kh8 19. b4 axb3 20. axb3 Rec8 21. b4 Qa3 22. Qd2
Qa2 23. c5 Qxd2 24. Bxd2 Ra2 25. Bc4 Rc2 26. Bd3 Ra2 27. Bc4 {Wei Yi (2725)
-Zvjaginsev,V (2627) China CHN 2019 1-0 (53)}) ({RR} 12... Qa5 13. Rab1 Be6 14.
h3 Rfc8 15. b3 axb3 16. axb3 Qb4 17. f4 Nd7 18. Bxg7 Kxg7 19. f5 Ne5 20. Qd4
Bd7 21. Nd5 Qc5 22. Qxc5 dxc5 23. Nb6 Bc6 24. Nxc8 Rxc8 25. Rbe1 Rd8 26. fxg6
hxg6 27. Rd1 {Vasquez Toledo,C (2249)-Sala,G (2011) Spilimbergo ITA 2023 1-0  
(53)}) ({RR} 12... Bd7 13. Nd5 Nxd5 14. exd5 Bxd4 15. Qxd4 Qa5 16. Rfe1 Rfe8
17. Bf1 a3 18. b3 b5 19. Re3 bxc4 20. Bxc4 Bb5 21. Bxb5 Qxb5 22. Rae1 Rac8 23.
h4 Qc5 24. Qg4 h5 25. Qg5 Qd4 26. Re4 Qg7 27. R1e2 {Lammens,T (2254)-Wantola,I
(2331) Netherlands NED 2021 1/2-1/2 (38)}) 13. b4 axb3 14. axb3 Bd7 15. Rxa8
Qxa8 16. Bxf6 Bxf6 17. Nd5 Qa3 18. Nxf6+ exf6 19. Rd1 Bc6 20. f3 Kg7 21. Rd2
Ra8 22. Bd1 Qc5+ 23. Kh1 Ra1 24. h3 Rc1 25. Qxd6 Qe3 26. Qd3 Qe1+ 27. Kh2 h5
28. Qe2 Qh4 29. Qe3 Qg5 30. Qxg5 fxg5 31. Kg3 Kf6 32. Bc2 h4+ 33. Kf2 Ra1 34.
b4 Ra2 35. b5 Be8 36. Ke3 Ke7 37. Kd4 b6 38. Re2 Bd7 39. Bd3 Ra3 40. e5 Be6 41.
Be4 Bd7 42. Bd5 Bf5 43. Be4 Bd7 44. Rb2 1-0

[Event "Floripa Chess Open 2024"]
[Site "Florianopolis"]
[Date "2024.01.27"]
[Round "9.43"]
[White "Federzoni, Enzo"]
[Black "Garmendia Vega, Gabriel"]
[Result "1-0"]
[WhiteElo "2170"]
[BlackElo "1937"]
[PlyCount "70"]
[EventDate "2024.01.20"]
[EventRounds "10"]
[EventCountry "BRA"]

1. e4 c5 2. Nf3 d6 3. d4 cxd4 4. Nxd4 Nf6 5. Nc3 a6 6. Bg5 e6 7. f4 Be7 8. Qf3
Qc7 9. O-O-O Nbd7 10. g4 h6 11. Bxf6 Bxf6 12. h4 Nb6 13. g5 Bxd4 14. Rxd4 Qc5
15. Qd3 hxg5 16. b4 Qc7 17. fxg5 Bd7 18. Rxd6 Nc8 19. Rd4 Nb6 20. g6 fxg6 21.
e5 $146 ({RR} 21. Rd6 O-O-O 22. Bh3 e5 23. Bxd7+ Rxd7 24. Rxd7 Qxd7 25. Rg1 Qc6
26. Nd5 Kb8 27. Qc3 Qxc3 28. Nxc3 Rxh4 29. Rxg6 Nc4 30. Rxg7 Rh1+ 31. Nd1 Re1
32. Rd7 Rxe4 33. Nc3 Rh4 34. a4 Nb6 35. Re7 Rh1+ {Roebers,E (2331)-Cvitan,O  
(2458) Terme Catez SLO 2022 1/2-1/2 (59)}) 21... O-O-O 22. Bh3 Qxe5 23. Rd1
Rxh4 24. Na4 Qxd4 25. Qxd4 Rxd4 26. Nxb6+ Kc7 27. Rxd4 Kxb6 28. Bxe6 Kc7 29.
Rc4+ Kd6 30. Bf7 Bf5 31. Bxg6 Bxg6 32. Rg4 Ke6 33. Rxg6+ Kf7 34. Rg1 Rd5 35.
Kb2 b5 1-0

[Event "Floripa Chess Open 2024"]
[Site "Florianopolis"]
[Date "2024.01.27"]
[Round "9.44"]
[White "Piasetski, Leon"]
[Black "Marcolino, Antonio Claudio H."]
[Result "1-0"]
[WhiteElo "2155"]
[BlackElo "1925"]
[PlyCount "59"]
[EventDate "2024.01.20"]
[EventRounds "10"]
[EventCountry "BRA"]

1. Nf3 Nf6 2. c4 b6 3. d4 e6 4. a3 d5 5. cxd5 exd5 6. Nc3 Be7 7. g3 O-O 8. Bg2
Bb7 9. O-O c5 10. Bg5 ({RR} 10. dxc5 bxc5 11. Nh4 Qd7 12. Bg5 d4 13. Bxf6 Bxf6
14. Ne4 Be7 15. Qb3 Bc6 16. Qc2 Na6 17. Nf3 Bd5 18. Ned2 {1/2-1/2 (18) Anand,V
(2769)-Nikolic,P (2659) Monte Carlo 2000}) 10... Nbd7 ({RR} 10... h6 11. Bxf6
Bxf6 12. dxc5 d4 13. Na4 b5 14. c6 Bxc6 15. Nc5 Nd7 16. Rc1 Ne5 17. Nxe5 Bxg2
18. Kxg2 Bxe5 19. Qd3 Re8 20. Rfd1 Bf6 21. Qf3 Qe7 22. Kf1 a5 23. Nd3 Ra6 24.
Rc2 b4 25. axb4 {Bialiauski,A (2061)-Siniauski,A (2275) Minsk BLR 2021 1/2-1/2
(32)}) 11. Rc1 Re8 12. e3 h6 $146 ({RR} 12... Ne4 13. Bxe7 Rxe7 14. Nd2 Nxc3
15. Rxc3 cxd4 16. exd4 Nf8 17. Nf3 Rc8 18. Rxc8 Qxc8 19. Ne5 Qe8 20. Re1 f6 21.
Nd3 Rxe1+ 22. Qxe1 Qxe1+ 23. Nxe1 Ne6 24. Nc2 Kf7 25. h4 Ke7 26. Kf1 Kd6 27.
Ke2 {Ostermeyer,P (2440)-Bartelborth,T Germany 1983 1/2-1/2 (40)}) 13. Bxf6
Nxf6 14. Ne5 cxd4 $11 15. exd4 Bf8 16. Qb3 Rc8 17. Rfe1 Rc7 18. Bh3 Bc8 19. Bf1
Re6 20. Nb5 Rxc1 21. Rxc1 a5 22. Nc6 Qe8 23. Nc7 Qxc6 24. Rxc6 Rxc6 25. Nxd5
Nxd5 26. Qxd5 Rc1 27. Kg2 Rc7 28. Qb3 Bb7+ 29. f3 Rd7 30. Qxb6 1-0